Về diễn biến cuộc khởi nghĩa của binh lính chợ Rạng - Đô Lương /

Tallennettuna:
Bibliografiset tiedot
Päätekijä: Trần Văn Thức, ThS.
Aineistotyyppi: Artikkeli
Kieli:Vietnamese
Aiheet:
Tagit: Lisää tagi
Ei tageja, Lisää ensimmäinen tagi!
Thư viện lưu trữ: Thư viện Trường Đại học Đà Lạt
LEADER 00815nam a2200265 4500
001 DLU090087704
005 ##20091017
040 # # |a DLU  |b vie 
041 # # |a vie 
044 # # |a vn 
100 # # |a Trần Văn Thức,   |c ThS. 
245 # # |a Về diễn biến cuộc khởi nghĩa của binh lính chợ Rạng - Đô Lương /  |c Trần Văn Thức. 
653 # # |a Chống xân lược 
653 # # |a Khởi nghĩa vũ trang 
653 # # |a Phong trào đấu tranh 
773 # # |t Nghiên cứu lịch sử  |g Số 1(320), 2002, tr. 28-33 
920 # # |a Phòng Tạp chí -- Trung tâm Thông tin - Thư viện Trường Đại học Đà Lạt 
994 # # |a DLU 
900 # # |a True 
911 # # |a Nguyễn Thị Linh Chi 
925 # # |a G 
926 # # |a A 
927 # # |a BB 
980 # # |a Thư viện Trường Đại học Đà Lạt